Statistiques concernant Les meilleurs buteurs de l'histoire du Bayern Munich

Cliquez ici pour prendre le quiz!

Statistiques générales

  • Ce quiz a été pris 113 fois
  • Le résultat moyen est 4 sur 10

Statistiques - réponses

ButsNationalitéJoueur% Correct
568AllemagneGerd Müller
100%
239AllemagneThomas Müller
100%
344PologneRobert Lewandowski
99%
144Pays-BasArjen Robben
67%
217AllemagneKarl-Heinz Rummenigge
24%
139BrésilGiovane Élber
22%
145AllemagneDieter Hoeneß
7%
156AllemagneRoland Wohlfarth
3%
137AllemagneDieter Brenninger
2%
223AllemagneRainer Ohlhauser
2%

Distribution des résultats

Percentile par nombre de réponses

% des personnes avec chaque résultat

Votre développement - résultats

Vous n’avez pas pris ce quiz